| 000 | 00879nam a2200325Ia 4500 | ||
|---|---|---|---|
| 008 | 170203s9999 xx 000 0 und d | ||
| 020 | _a0-439071712 | ||
| 050 | _aFic | ||
| 050 | _bD199a | ||
| 100 | _aDanziger, Paula. | ||
| 245 | _aAmber Brown is green with envy / | ||
| 245 | _cPaula Danziger ; illustrated by Tony Ross. | ||
| 260 | _aNew York : | ||
| 260 | _bScholastic, Inc., | ||
| 260 | _c2004 | ||
| 300 | _a151 pages : | ||
| 300 | _billustrations ; | ||
| 300 | _c20 cm. | ||
| 440 | _aAmber Brown. | ||
| 650 | _aCustody of children -- | ||
| 650 | _aDivorce -- | ||
| 650 | _aFathers and daughters -- | ||
| 650 | _aMothers and daughters -- | ||
| 650 | _aMoving, Household -- | ||
| 650 | _xJuvenile fiction. | ||
| 650 | _xJuvenile fiction. | ||
| 650 | _xJuvenile fiction. | ||
| 650 | _xJuvenile fiction. | ||
| 650 | _xJuvenile fiction. | ||
| 999 |
_c306437 _d306437 |
||